| 000 | 00345nam a2200121Ia 4500 | ||
|---|---|---|---|
| 008 | 220217s9999||||xx |||||||||||||| ||und|| | ||
| 082 | _a005.13 MEE | ||
| 100 | _aMeeta, Gandhi Kanetkar, Yashavant, P | ||
| 245 | 0 | _aC odyssey C++ and graphics | |
| 260 |
_aBPB publication _bBangalore _c1992 |
||
| 300 | _b250 | ||
| 650 | _aPROGRAMMING LANGUAGE | ||
| 999 |
_c168138 _d168138 |
||